Statistiques concernant Les propriétés du Monopoly Bordeaux 2014

Cliquez ici pour prendre le quiz!

Statistiques générales

  • Ce quiz a été pris 11 fois
  • Le résultat moyen est 16 sur 26

Statistiques - réponses

HintRéponse% Correct
OrangeRue Sainte-{Catherine}
100%
MarronBassins à {Flot}
89%
JauneCours du chapeau {rouge}
89%
VioletCours Victor {Hugo}
89%
GaresGare Saint-{Jean}
89%
BleuLe triangle d'{or}
89%
VertPlace de la {Bourse}
89%
Bleu cielPlace de la {Victoire}
89%
JaunePlace Pey {Berland}
89%
GaresAéroport de {Bordeaux}
78%
Bleu cielQuartier Saint-{Michel}
78%
JaunePlace des {Quinconces}
67%
RougeQuartier des {Chartrons}
67%
RougePlace {Gambetta}
56%
VertQuartier de {Cauderan}
56%
OrangeQuartier {Meriadeck}
56%
BleuLes {Quais}
44%
RougePlace du {Parlement}
44%
VioletQuartier Sainte-{Croix}
44%
Violet
Quartier La {Bastide}
33%
GaresLes vélos {VCUB}
33%
OrangeQuartier {Nansouty}
33%
GaresRéseau {TBC}
33%
MarronQuartier {Belcier}
22%
Bleu cielLe {Lac}
11%
VertRue d'{Aviau}
0%

Distribution des résultats

Percentile par nombre de réponses

% des personnes avec chaque résultat

Votre développement - résultats

Vous n’avez pas pris ce quiz